El Cristo que ha de venir y las tradiciones de la Iglesia (Record no. 139874)

MARC details
000 -LEADER
campo de control de longitud fija 00595nam a2200169 4500
001 - NÚMERO DE CONTROL
campo de control 139874
003 - IDENTIFICADOR DE NÚMERO DE CONTROL
campo de control ES-MaACL
005 - FECHA Y HORA DE LA ÚLTIMA TRANSACCIÓN
campo de control 20230906195931.0
007 - CAMPO FIJO DE DESCRIPCIÓN FÍSICA--INFORMACIÓN GENERAL
campo de control de longitud fija t|
008 - DATOS DE LONGITUD FIJA--INFORMACIÓN GENERAL
campo de control de longitud fija 070214s1969 sp r ||||1| spa d
100 1# - ENTRADA PRINCIPAL--NOMBRE DE PERSONA
Nombre de persona Schlink, Edmund.
9 (RLIN) 104427
245 13 - MENCIÓN DEL TÍTULO
Título El Cristo que ha de venir y las tradiciones de la Iglesia
Resto del título : aportaciones para el diálogo entre las Iglesias separadas /
Mención de responsabilidad, etc. Edmund Schlink ; versión... por Juan Blanco Catalá.
260 ## - PUBLICACIÓN, DISTRIBUCIÓN, ETC.
Lugar de publicación, distribución, etc. Alcoy :
Nombre del editor, distribuidor, etc. Marfil,
Fecha de publicación, distribución, etc. 1969.
300 ## - DESCRIPCIÓN FÍSICA
Extensión 434 p. ;
Dimensiones 22 cm.
700 1# - ENTRADA AGREGADA--NOMBRE PERSONAL
Nombre de persona Blanco Catalá, Juan.
9 (RLIN) 29234
852 ## - LOCALIZACIÓN
Ubicación ES-MaACL
Número de control de estantería C-38372
Sublocalización o colección R.73441
Holdings
Estatus retirado Estado de pérdida Estado de daño No para préstamo Biblioteca de origen Biblioteca actual Ubicación en estantería Fecha de adquisición Fuente de adquisición Total de préstamos Signatura topográfica completa Código de barras Visto por última vez Precio de reemplazo Tipo de ítem Koha
        Biblioteca del Ateneo de Madrid Biblioteca del Ateneo de Madrid Depósito 2 17/01/2008     C-38372 1145556 23/02/2023 23/02/2023 Libro impreso